| 000 | 00519nam a2200193 u 4500 | ||
|---|---|---|---|
| 005 | 20220603063635.0 | ||
| 008 | 070828s1992 r 000 0 eng d | ||
| 020 | _a8432129275 | ||
| 035 | _aUPN01000151531 | ||
| 049 | _aI | ||
| 050 | 4 |
_aPZ73 _bM3.3 |
|
| 100 | 1 | _aMadroƱero, Ester | |
| 245 | 1 | 0 |
_aEn busca de los colores / _cEster MadroƱero. |
| 260 |
_aMadrid : _bRialp, _c1992. |
||
| 300 |
_a47 p. : _bil. col. |
||
| 440 | 3 |
_aEl roble centenario ; _v46 |
|
| 650 | 4 |
_aCuentos infantiles _96744 |
|
| 905 | _aInfantil | ||
| 999 |
_c123667 _d123667 |
||